| 000 | 00629nam a22001817a 4500 | ||
|---|---|---|---|
| 003 | DO-SdBNP | ||
| 005 | 20180409131449.0 | ||
| 008 | 160311b 2006 dr xxu||||| |||| 00| 0 spa d | ||
| 040 |
_aBPMSU _bspa _cBPMSU |
||
| 092 |
_axxxxx _bxxxxx |
||
| 110 |
_4República Dominicana. _b[Leyes, etc.] |
||
| 245 | 1 | 0 |
_aLey general del la juventud 49-00 : _bacta final de la convención iberoamericana de derechos de los jóvenes / |
| 260 |
_aSanto Domingo : _bSecretaría de Estado de la Juventud, _c2006. |
||
| 300 |
_a89 p. ; _b14 cm. |
||
| 942 |
_2ddc _cBK |
||
| 945 | _aRemanejada para la BNPHU, 2018 / BT | ||
| 956 |
_2LOPEREZ _310 _6BPMSU |
||
| 999 |
_c9198 _d9198 |
||